„Duell um die Welt“: Joko gegen Klaas - Alle Länder - Statistiken

Allgemein
  • Dieses Quiz wurde 85 mal gespielt
  • Das Durchschnittsergebnis liegt bei 43 aus 53
Antwortstatistiken
Kontinent Land % Korrekt
Ozeanien Neuseeland
97%
Ozeanien Australien
96%
Europa Spanien
96%
Südamerika Brasilien
95%
Asien China
95%
Asien Japan
95%
Europa Schweden
95%
Nordamerika USA
95%
Europa Deutschland
93%
Europa Norwegen
93%
Europa Polen
93%
Europa Portugal
93%
Europa Russland
93%
Europa Frankreich
92%
Europa Italien
90%
Nordamerika Kanada
90%
Nordamerika Mexiko
90%
Europa Niederlande
90%
Europa Kroatien
89%
Europa Österreich
89%
Europa Schweiz
89%
Europa Tschechien
89%
Afrika Südafrika
88%
Afrika Ägypten
86%
Europa Rumänien
86%
Europa Dänemark (Grönland)
85%
Europa Griechenland
85%
Asien Indien
85%
Europa Island
85%
Südamerika Kolumbien
85%
Nordamerika Jamaika
84%
Asien Thailand
84%
Südamerika Bolivien
81%
Europa Estland
81%
Europa Großbritannien
81%
Europa Lettland
79%
Europa Slowenien
78%
Südamerika Venezuela
78%
Südamerika Ecuador
77%
Europa Ungarn
75%
Europa Ungarn
75%
Asien Indonesien
74%
Europa Liechtenstein
74%
Europa Malta
67%
Asien Nepal
66%
Nordamerika Bahamas
64%
Asien Philippinen
62%
Afrika Nigeria
58%
Nordamerika Belize
56%
Asien Malaysia
56%
Asien Taiwan
55%
Ozeanien Vanuatu
55%
Afrika Äthiopien
47%
Keine übereinstimmenden Quizze gefunden
Verteilung der Resultate
Anzahl Personen mit jedem Resultat
Perzentil nach korrekt beantworteten Fragen
Ihre Resultats-Entwicklung
Sie haben dieses Quiz noch nicht gespielt